000 00707nam a22002177a 4500
999 _c15894
_d15894
003 AR-CdUCM
008 190430b ||||| |||| 00| 0 eng d
040 _aMUNICIPALIDAD PROVINCIAL DEL CUSCO
_cBIBLIOTECA MUNICIPAL DEL CUSCO
082 _a498.5 /
_bC11
100 _aCáceres Aragón, Armando
_935102
245 _aQuechua 1 :
_bMunasqaykunapaq /
260 _aQosqo :
_bEditorial Mercantil,
_c1992.
300 _a120 paginas ;
_bDiagramas,
_c320 cm.
505 _aContenido :Lecciones en quechua /
650 _aGramática
_99175
650 _aLenguage
_935103
650 _aQuechua
_92063
710 _aResistencia Cultural Andina
_tUnsaac
_935104
942 _2ddc
_cLIBROS
945 _arjall
_d2019-04-30